000
00276nam a22001097a 4500
082
_a
530 SEA'C
100
_a
ZEMANSKY, M. W,SEARS, F. W
_9
59768
245
_a
COLLEGE PHYSICS MECHANICS HEAT AND SOUND
260
_a
NEWYORK
_b
ADDISON WESLEY
_c
1952
300
_a
418P
942
_c
BK
999
_c
569663
_d
569663